zpět

Detail výsledku týmu

Záložna ST, Pardubice

Datum a čas kvízu

15.5 Celkem bodů Celkový počet nahraných bodů na tomto kvízu bez doplňovacích otázek.
11. Pořadí na kvízu Konečné umístění týmu na tomto kvízu.

Zaznamenané odpovědi

# Otázka Odpověď Body Výsledky
1. Jak se jmenuje hejtman, který... Jan Krkoška, Moravskoslezský kraj 0.5
2. Historicky prvním premiérem ev... Wales 0
3. Ve středu začal v pražské Luce... Jeden svět 0
4. Český statistický úřad zveřejn... C) hlávkové zelí 0
5. V pondělí byla představena kol... z (křišťálového) skla 1
6. Toto literární téma vyhrálo mi... Alchymista 0
7. Děj knihy se odehrává během tř... Kdo chytá v žitě, J. D. Salinger 0
8. Přiřaďte klasická díla ruské l... 1C 2D 3B 4A 0
9. Mezi nejčtenější knihy světa s... A 0
10. Na závěr se zaměříme na novějš... Dívka ve vlaku 0